000 00740nam a2200229Ia 4500
003 GCL
008 140319s9999 xx 000 0 ara d
040 _aGCL /
_cGCL
082 0 4 _a630.2011
_bم ا
100 1 _aالمجالس القومية المتخصصة
245 1 0 _aاخبار المجالس القومية المتخصصة /
_cالمجالس القومية المتخصصة
260 _aالقاهرة :
_bالمجالس القومية المتخصصة ،
_c1986
300 _a75 ص ؛
_c32 سم
650 0 4 _aالتعليم
650 0 4 _aالزراعة
650 0 4 _aالتعلم
650 0 4 _aالاجتماع
650 0 4 _aدوريات
650 0 4 _aالصناعة
650 0 4 _aالجامعات
942 _2ddc
_cBK
999 _c27047
_d27047